| 000 | 01269cam a2200205 4500 | ||
|---|---|---|---|
| 001 | L130188 | ||
| 008 | 050630n2004 000 0 eng u | ||
| 035 | _a(Sirsi) u130188 | ||
| 041 | _aeng | ||
| 110 |
_aFrost and Sullivan _94747 |
||
| 245 |
_a2010 vision _ban analysis of the markets for chartered surveyors in the land consultancy group: executive summary |
||
| 260 |
_aLondon _bRICS _c2004 |
||
| 300 | _a21p. | ||
| 500 | _aFull report see RICS 2004/57 | ||
| 520 | _aProvides an executive summary of an independent report commissioned by RICS Land Consultancy Group from market consultants Frost and Sullivan, which investigates the current and future direction of the markets in which members of the four Faculties of the Land Consultancy group operate. over the short to medium term. Concludes that these market sectors are growing and will continue to grow with the exception of the minerals sector. But there are concerns about the future availability of skilled resources to take up the resulting workload. | ||
| 590 | _aIKA190705 | ||
| 690 | _aABOUT RICS-RICS STRUCTURE AND GOVERNANCE-RICS FACULTIES AND FORUMS-RICS FACULTIES AND FORUMS STAFF-RICS LAND CONSULTANCY GROUP | ||
| 710 |
_aRoyal Institution of Chartered Surveyors _94900 |
||
| 942 |
_n0 _2ddc |
||
| 999 |
_c104388 _d104388 |
||